Studia Aloisiana ročenka Teologickej fakulty Trnavskej univerzity ...
| New Title: | Studia Aloisiana |
|---|---|
| Other Authors: | , |
| Format: | Serial |
| Language: | Slovak Czech German English French Polish |
| PhysicalDescription: | 10 zv. 24 cm |
| Published: |
Trnava
Dobrá kniha
[1998-2008]
|
| ISBN: | 8071412708 (brož. : r. 1999) 8071413119 (brož. : r. 2000) 8071413747 (brož. : r. 2001) 8071414042 (brož. : r. 2002) 8071414301 (brož. : r. 2003) 8071414670 (brož. : r. 2004) 8071415170 (brož. : r. 2005) 8071415596 (brož. : r. 2006) 9788071416005 (brož. : r. 2007) 8071412244 (brož. : r. 1998) |
| ISSN: | 1338-0508 |
| Subjects: |
MARC
| LEADER | 00000cas a2200000 a 4500 | ||
|---|---|---|---|
| 001 | vtls001469639 | ||
| 003 | SK-MaSNL | ||
| 005 | 20260228160903.0 | ||
| 008 | 040227d19982008xo ar o 0 0b0slo | ||
| 015 | |a SNBA2000/03-01016 (r. 1998) |a SNBA2000/10-03525 (r. 1999) |a SNBB2005/02-00539 (r. 2001) |a SNBB2006/03-00872 (r. 2002) |a SNBB2006/03-00873 (r. 2003) |a SNBB2006/03-00874 (r. 2004) |a SNBB2008/03-01088 (r. 2005) |a SNBB2008/03-01089 (r. 2006) |a SNBB2009/01-00249 (r. 2007) | ||
| 020 | |a 8071412708 (brož. : r. 1999) | ||
| 020 | |a 8071413119 (brož. : r. 2000) | ||
| 020 | |a 8071413747 (brož. : r. 2001) | ||
| 020 | |a 8071414042 (brož. : r. 2002) | ||
| 020 | |a 8071414301 (brož. : r. 2003) | ||
| 020 | |a 8071414670 (brož. : r. 2004) | ||
| 020 | |a 8071415170 (brož. : r. 2005) | ||
| 020 | |a 8071415596 (brož. : r. 2006) | ||
| 020 | |a 9788071416005 (brož. : r. 2007) | ||
| 020 | |a 8071412244 (brož. : r. 1998) | ||
| 035 | |a SNK000424944 | ||
| 040 | |a SNK |b slo |c SNK |d SAVUK |e AACR2 | ||
| 041 | 0 | |a slo |a cze |a ger |a eng |a fre |a pol |b slo |b cze |b fre |b ger |b eng |b pol |b ita | |
| 044 | |a xo |c SK | ||
| 072 | 7 | |a 2-1 |x Prirodzená teológia. Náboženská filozofia. Religionistika |2 konspekt | |
| 080 | |a (082) |2 2001 | ||
| 080 | |a (058) |2 2001 | ||
| 080 | |a 2-12 |2 2001 | ||
| 080 | |a 272-1 |2 2001 | ||
| 080 | |a 14:27 |2 2001 | ||
| 080 | |a 378.4.096:2 |x (437.6) |x (082) |x (058) |2 2001 | ||
| 245 | 0 | 0 | |a Studia Aloisiana |b ročenka Teologickej fakulty Trnavskej univerzity ... |
| 246 | 3 | 3 | |a Ročenka TF TU |
| 260 | |a Trnava |b Dobrá kniha |c [1998-2008] | ||
| 300 | |a 10 zv. |c 24 cm | ||
| 310 | |a 1x ročne | ||
| 362 | 0 | |a 1998-2007 | |
| 500 | |a Súčasťou podnázvu je označenie bežného roku | ||
| 500 | |a Editor: 1998-2002, Ladislav Csontos; 2003-2007, Juraj Dolinský | ||
| 500 | |a Na tit. strane miesto vydania: Bratislava | ||
| 500 | |a Zoznam autorov. Pozn. | ||
| 504 | |a Bibliogr. odkazy. | ||
| 546 | |a Čiast. text slov., čes., nem., angl., franc., poľ.; Resumé slov., čes., franc., nem., angl., poľ. alebo tal. | ||
| 650 | 0 | 7 | |a teológia |2 SNKPH |9 1814 |
| 650 | 0 | 7 | |a kresťanská filozofia |2 SNKPH |9 805 |
| 650 | 0 | 7 | |a katolícka teológia |2 SNKPH |9 4021 |
| 650 | 0 | 7 | |a Theology |2 SNKPHeng |9 266916 |
| 650 | 0 | 7 | |a Catholic theology |2 SNKPHeng |9 267536 |
| 650 | 0 | 7 | |a Christian philosophy |2 SNKPHeng |9 267537 |
| 655 | 7 | |a zborníky |2 SNKPH |9 70165 | |
| 655 | 7 | |a ročenky |2 SNKPH |9 57146 | |
| 655 | 7 | |a Papers |2 SAVUKPHeng |9 265431 | |
| 655 | 7 | |a Yearbooks |2 SNKPHeng |9 120938 | |
| 700 | 1 | |a Csontos, Ladislav, |d 1952- |4 edt |9 93641 | |
| 700 | 1 | |a Dolinský, Juraj, |d 1958-2022 |4 edt |9 203231 | |
| 710 | 2 | |a Trnavská univerzita v Trnave. |b Teologická fakulta v Bratislave |4 pbl |9 119703 | |
| 785 | 0 | 0 | |t Studia Aloisiana |x 1338-0508 |w vtls010092160 |
| 852 | |a Štátna vedecká knižnica v Banskej Bystrici | ||
| 910 | |a snk | ||
| 910 | |a kuruk | ||
| 910 | |a savuk | ||
| 910 | |a 80-7141-224-4 | ||
| 919 | |a 80-7141-311-9 | ||
| 919 | |a 80-7141-374-7 | ||
| 919 | |a 80-7141-404-2 | ||
| 919 | |a 80-7141-430-1 | ||
| 919 | |a 80-7141-467-0 | ||
| 919 | |a 80-7141-517-6 | ||
| 919 | |a 80-7141-559-6 | ||
| 919 | |a 80-7141-270-8 | ||
| 919 | |a 978-80-7141-600-5 | ||
| 958 | |a NT | ||
| 958 | |a NB | ||
| 999 | |c 3846 |d 5776 | ||
| 952 | |0 0 |1 0 |4 0 |7 0 |8 0 |a SNK |b SNK |d 2004-02-27 |i snkPV 25/2004 |l 0 |o snkČSD 2164/2001 |p 17A0358954 |r 2005-01-02 00:00:00 |w 2026-02-21 |y PREZ | ||
| 952 | |0 0 |1 0 |4 0 |7 0 |8 0 |a SNK |b SNK |d 2004-02-27 |i snkPV 26/2004 |l 0 |o snkČSD 2164/2001 D1 |p 17A0358955 |r 2005-01-02 00:00:00 |w 2026-02-21 |y PREZ | ||
| 952 | |0 0 |1 0 |4 0 |7 0 |8 0 |a SNK |b SNK |d 2004-06-09 |i snkPV 889/2004 |l 0 |o snkČSD 2164/2002 |p 17A0431233 |r 2005-01-02 00:00:00 |w 2026-02-21 |y PREZ | ||
| 952 | |0 0 |1 0 |4 0 |7 0 |8 0 |a SNK |b SNK |d 2004-06-09 |i snkPV 890/2004 |l 0 |o snkČSD 2164/2002 D1 |p 17A0431234 |r 2005-01-02 00:00:00 |w 2026-02-21 |y PREZ | ||
| 952 | |0 0 |1 0 |4 0 |7 0 |8 0 |a SNK |b SNK |d 2004-10-04 |i snkPV 1336/2004 |l 0 |o snkČSD 2164/2003 |p 17A0431688 |r 2005-01-02 00:00:00 |w 2026-02-21 |y PREZ | ||
| 952 | |0 0 |1 0 |4 0 |7 0 |8 0 |a SNK |b SNK |d 2004-10-04 |i snkPV 1337/2004 |l 0 |o snkČSD 2164/2003 D1 |p 17A0431689 |r 2005-01-02 00:00:00 |w 2026-02-21 |y PREZ | ||
| 952 | |0 0 |1 0 |4 0 |7 0 |a SNK |b SNK |d 2000-02-14 |i snkKSP 1954/2000 |l 0 |o snkČSD 2164/1998 D1 |p 17A0228463 |r 2005-01-02 00:00:00 |w 2026-02-21 |y PREZ | ||
| 952 | |0 0 |1 0 |4 0 |7 0 |a SNK |b SNK |d 2000-02-14 |i snkKSP 1953/2000 |l 0 |o snkČSD 2164/1998 |p 17A0228462 |r 2005-01-02 00:00:00 |w 2026-02-21 |y PREZ | ||
| 952 | |0 0 |1 0 |4 0 |7 0 |8 0 |a SNK |b SNK |d 2009-02-06 |i snk2009/1981 |l 0 |o snkČSD 2164/2007 |p 17A0488141 |r 2026-02-21 20:20:34 |w 2026-02-21 |y PREZ | ||
| 952 | |0 0 |1 0 |4 0 |7 0 |8 0 |a SNK |b SNK |d 2009-02-06 |i snk2009/1982 |l 0 |o snkČSD 2164/2007 D1 |p 17A0488142 |r 2026-02-21 20:20:34 |w 2026-02-21 |y PREZ | ||
| 952 | |0 0 |1 0 |4 0 |7 0 |a SNK |b SNK |d 2000-08-25 |i snkKSP 8839/2000 |l 0 |o snkČSD 2164/1999 |p 17A0249321 |r 2005-01-02 00:00:00 |w 2026-02-21 |y PREZ | ||
| 952 | |0 0 |1 0 |4 0 |7 0 |a SNK |b SNK |d 2000-08-25 |i snkKSP 8840/2000 |l 0 |o snkČSD 2164/1999 D1 |p 17A0249322 |r 2005-01-02 00:00:00 |w 2026-02-21 |y PREZ | ||
| 952 | |0 0 |1 0 |4 0 |7 0 |8 0 |a SNK |b SNK |d 2006-01-16 |i snk2006/904 |l 0 |o snkČSD 2164/2004 |p 17A0488444 |r 2026-02-21 21:10:09 |w 2026-02-21 |y PREZ | ||
| 952 | |0 0 |1 0 |4 0 |7 0 |8 0 |a SNK |b SNK |d 2006-01-16 |i snk2006/905 |l 0 |o snkČSD 2164/2004 D1 |p 17A0488445 |r 2026-02-21 21:10:09 |w 2026-02-21 |y PREZ | ||
| 952 | |0 0 |1 0 |4 0 |7 0 |8 0 |a SNK |b SNK |d 2008-05-05 |i snk2008/9874 |l 0 |o snkČSD 2164/2005 |p 17A0582948 |r 2026-02-21 21:12:07 |w 2026-02-21 |y PREZ | ||
| 952 | |0 0 |1 0 |4 0 |7 0 |8 0 |a SNK |b SNK |d 2008-05-05 |i snk2008/9875 |l 0 |o snkČSD 2164/2005 D1 |p 17A0582947 |r 2026-02-21 21:12:07 |w 2026-02-21 |y PREZ | ||
| 952 | |0 0 |1 0 |4 0 |7 0 |8 0 |a SNK |b SNK |d 2008-05-05 |i snk2008/9876 |l 0 |o snkČSD 2164/2006 |p 17A0582946 |r 2026-02-21 21:12:07 |w 2026-02-21 |y PREZ | ||
| 952 | |0 0 |1 0 |4 0 |7 0 |8 0 |a SNK |b SNK |d 2008-05-05 |i snk2008/9877 |l 0 |o snkČSD 2164/2006 D1 |p 17A0582938 |r 2026-02-21 21:12:07 |w 2026-02-21 |y PREZ | ||
| 952 | |0 0 |1 0 |4 0 |7 0 |a SNK |b SNK |d 2002-04-25 |i snkKSP 4666/2002 |l 0 |o snkČSD 2164/2000 |p 17A0340947 |r 2005-01-02 00:00:00 |w 2026-02-21 |y PREZ | ||
| 952 | |0 0 |1 0 |4 0 |7 0 |a SNK |b SNK |d 2002-04-25 |i snkKSP 4667/2002 |l 0 |o snkČSD 2164/2000 D1 |p 17A0340948 |r 2005-01-02 00:00:00 |w 2026-02-21 |y PREZ | ||


